000 00566nam a2200217Ia 4500
003 OSt
005 20220924133825.0
006 a|||||r|||| 00| 0
007 ta
008 220923b |||||||| |||| 00| 0 snd d
024 _a269245
037 _cTextual
040 _aARTS
_cARTS
_bsnd
041 _2snd
_asnd
082 _aO157,3NCH,AN, 1593L7
100 _aChaterjee Sharat Chandar
_9207482
245 0 _aAnuradha
260 _c1977
942 _hO157,3NCH,AN, 1593L7
_cTEXL
_2CC
999 _c435431
_d435431